Planning: the American dream (Record no. 118438)
[ view plain ]
| 000 -LEADER | |
|---|---|
| fixed length control field | 01095cam a2200241 4500 |
| 001 - CONTROL NUMBER | |
| control field | ABS68497 |
| 008 - FIXED-LENGTH DATA ELEMENTS--GENERAL INFORMATION | |
| fixed length control field | 041214n2004 000 0 eng u |
| 035 ## - SYSTEM CONTROL NUMBER | |
| System control number | (Sirsi) u128287 |
| 100 ## - MAIN ENTRY--PERSONAL NAME | |
| Personal name | Hay, G. |
| 245 ## - TITLE STATEMENT | |
| Title | Planning: the American dream |
| 260 ## - PUBLICATION, DISTRIBUTION, ETC. | |
| Date of publication, distribution, etc. | 2004 |
| 490 ## - SERIES STATEMENT | |
| Series statement | Building |
| Volume/sequential designation | 269(8359) 26 November 2004, 41-44(4) |
| 520 ## - SUMMARY, ETC. | |
| Summary, etc. | Describes how the UK is borrowing ideas for key housing projects from the United States. This new urbanism means getting community interest groups to meet architects, planners and politicians to establish specific principles and standards. This is perhaps going against the grain of much of British architectural thought as design codes are possibly too rigid leaving designers with little flexibility in their work. Includes a list of 10 things you didn't know about new urbanism. |
| 590 ## - LOCAL NOTE (RLIN) | |
| Local note | ABS |
| 590 ## - LOCAL NOTE (RLIN) | |
| Local note | ABS |
| 650 ## - SUBJECT ADDED ENTRY--TOPICAL TERM | |
| Topical term or geographic name entry element | NEW URBANISM |
| 650 ## - SUBJECT ADDED ENTRY--TOPICAL TERM | |
| Topical term or geographic name entry element | ARCHITECTS |
| 650 ## - SUBJECT ADDED ENTRY--TOPICAL TERM | |
| Topical term or geographic name entry element | ARCHITECTURAL PLANS |
| 650 ## - SUBJECT ADDED ENTRY--TOPICAL TERM | |
| Topical term or geographic name entry element | UNITED STATES |
| 650 ## - SUBJECT ADDED ENTRY--TOPICAL TERM | |
| Topical term or geographic name entry element | COMMUNITY INITIATIVE |
| 690 ## - LOCAL SUBJECT ADDED ENTRY--TOPICAL TERM (OCLC, RLIN) | |
| Topical term or geographic name as entry element | BUILDING AND CONSTRUCTION-DESIGN AND STRUCTURES |
| 942 ## - ADDED ENTRY ELEMENTS (KOHA) | |
| Suppress in OPAC | 0 |
| Withdrawn status | Lost status | Source of classification or shelving scheme | Damaged status | Not for loan | Home library | Current library | Shelving location | Date acquired | Total Checkouts | Full call number | Barcode | Date last seen | Copy number | Price effective from | Koha item type |
|---|---|---|---|---|---|---|---|---|---|---|---|---|---|---|---|
| Dewey Decimal Classification | London | London | Journal article | 14/12/2004 | ABS68497 | 128287-1001 | 06/08/2019 | 1 | 06/08/2019 | Journal article |